Thus Spoke Zarathustra (Record no. 1378)

000 -LEADER
fixed length control field 00634nam a22002297a 4500
005 - DATE AND TIME OF LATEST TRANSACTION
control field 20210426081723.0
008 - FIXED-LENGTH DATA ELEMENTS--GENERAL INFORMATION
fixed length control field 210215s2005 ||||| |||| 00| 0 eng d
020 ## - INTERNATIONAL STANDARD BOOK NUMBER
International Standard Book Number 9781593082789
020 ## - INTERNATIONAL STANDARD BOOK NUMBER
International Standard Book Number 1593082789
040 ## - CATALOGING SOURCE
Original cataloging agency eng
Transcribing agency DLC
041 ## - LANGUAGE CODE
Language code of text/sound track or separate title eng
Language code of original ger
080 ## - UNIVERSAL DECIMAL CLASSIFICATION NUMBER
Universal Decimal Classification number 1
Item number N-60
100 ## - MAIN ENTRY--PERSONAL NAME
9 (RLIN) 872
Personal name Nietzsche, Friedrich
245 ## - TITLE STATEMENT
Title Thus Spoke Zarathustra
Statement of responsibility, etc. / by: Barnes and Noble Classics
260 ## - PUBLICATION, DISTRIBUTION, ETC.
Place of publication, distribution, etc. New York
Name of publisher, distributor, etc. Barnes and Noble Classics
Date of publication, distribution, etc. 2005
300 ## - PHYSICAL DESCRIPTION
Extent 315 p.
365 ## - TRADE PRICE
Price amount 7.95 usd
650 #0 - SUBJECT ADDED ENTRY--TOPICAL TERM
9 (RLIN) 282
Topical term or geographic name entry element Philosophy
653 ## - INDEX TERM--UNCONTROLLED
Uncontrolled term ფილოსოფია
700 ## - ADDED ENTRY--PERSONAL NAME
9 (RLIN) 873
Personal name Martin, Clancy
Relator term Translator
942 ## - ADDED ENTRY ELEMENTS (KOHA)
Source of classification or shelving scheme
Koha item type Books
Holdings
Withdrawn status Lost status Source of classification or shelving scheme Damaged status Not for loan Permanent location Current location Date acquired Inventory number Total Checkouts Full call number Barcode Date last seen Price effective from Koha item type
          Ken Walker International University Ken Walker International University 02/15/2021 165   1 N-60 165 02/15/2021 02/15/2021 Books

Powered by Koha